| 000 | 00605cam a2200217 a 4500 | ||
|---|---|---|---|
| 001 | 000009817 | ||
| 003 | DO-SdBNP | ||
| 005 | 20230330095432.0 | ||
| 007 | ta | ||
| 008 | 940525s2022 sp 001 p spa | ||
| 020 | _a9788546253905 | ||
| 040 |
_aDO-SdBNP _bspa _cBNPHU |
||
| 082 |
_axxx _bM516d _222 |
||
| 100 | 1 |
_aMejía, Manuel Antonio _924724 |
|
| 245 | 1 | 0 |
_aDos para más : _bpoemas 30 aniversario / _cManuel Antonio Mejía |
| 260 |
_aSanto Domingo : _bCISD, _c2022. |
||
| 300 |
_a507 paginas : _bilustración _c30 cm. |
||
| 590 | _aInventariado 2023 / DG | ||
| 910 | _aDG | ||
| 942 |
_2ddc _cLBS1 |
||
| 999 |
_c53195 _d53195 |
||